000
00361nam a2200133Ia 4500
008
231129s1976||||xx |||||||||||||| ||spa||
020
_a
0-07-019680-X
082
_a
CAA-014
100
_a
Estes Jack C.
245
0
_a
Interest Amortization tables
260
_c
1976
264
_a
New York : Mc Graw-Hill
942
_2
ddc
_c
BKS
999
_c
15791
_d
15791